| 000 | 00553nam a2200193Ia 4500 | ||
|---|---|---|---|
| 005 | 20220920102443.0 | ||
| 008 | 131103s9999 xx 000 0 und d | ||
| 040 | _aLoreto College | ||
| 041 | _aEnglish | ||
| 082 |
_a954.02 _bBAN |
||
| 100 | _aBanerjee,Anil Chandra | ||
| 245 | 4 |
_aThe state and society in Northern India _b 1206 - 1526 _cAnil Chandra Banerjee |
|
| 260 |
_aCalcutta _bK.P.Bagchi & Company _c1982 |
||
| 300 | _a378 p. | ||
| 504 | _aIncludes bibliography,index | ||
| 650 | _aMedieval Indian History | ||
| 850 | _aLCLIB | ||
| 942 | _cBK | ||
| 999 |
_c9380 _d59859 |
||